Score 0/44 Timer 08:00
0 Plays Today
Description Voice Contestants % Correct
Season 3 3rdNicholas David
100%
Season 1 3rd/4thBeverly McClellan
80%
Season 1 3rd/4thVicci Martinez
80%
Season 1 2ndDia Frampton
80%
Season 1 WINNERJavier Colon
80%
Season 2 4thChris Mann
80%
Season 2 3rdTony Lucca
80%
Season 2 2ndJuliet Simms
80%
Season 2 WINNERJermaine Paul
80%
Season 3 2ndTerry McDermott
80%
Season 3 WINNERCassadee Pope
80%
Season 4 3rdThe Swon Brothers
80%
Season 4 2ndMichelle Chamuel
80%
Season 4 WINNERDanielle Bradbery
80%
Season 5 3rdWill Champlin
80%
Season 5 2ndJacquie Lee
80%
Season 5 WINNERTessanne Chin
80%
Season 6 3rdChristina Grimmie
80%
Season 6 2ndJake Worthington
80%
Season 6 WINNERJosh Kaufman
80%
Season 7 4thDamien
80%
Season 7 2ndMatt McAndrew
80%
Description Voice Contestants % Correct
Season 7 WINNERCraig Wayne Boyd
80%
Season 8 4thKoryn Hawthorne
80%
Season 8 3rdJoshua Davis
80%
Season 8 2ndMeghan Linsey
80%
Season 8 WINNERSawyer Fredericks
80%
Season 9 4thJeffery Austin
80%
Season 9 2ndEmily-Ann Roberts
80%
Season 9 WINNERJordan Smith
80%
Season 7 3rdChris Jamison
60%
Season 9 3rdBarrett Baber
60%
Season 10 4thLaith Al-Saadi
60%
Season 10 3rdHannah Huston
60%
Season 10 2ndAdam Wakefield
60%
Season 10 WINNERAlisan Porter
60%
Season 11 4thJosh Gallagher
60%
Season 11 3rdWe McDonald
60%
Season 11 2ndBilly Gilman
60%
Season 11 WINNERSundance Head
60%
Season 12 4thJesse Larson
60%
Season 12 3rdAliyah Moulden
60%
Season 12 2ndLauren Duski
60%
Season 12 WINNERChris Blue
60%
Remove Ads.
Support Sporcle.
Get the best of Sporcle when you Go Orange. This ad-free experience offers more features, more stats, and more fun while also helping to support Sporcle. Thank you for becoming a member.

You're not logged in!

Compare scores with friends on all Sporcle quizzes.
OR
Log In

Show Comments

Extras

Created Sep 5, 2017ReportNominate
Tags:description, finalist, Voice

Top Quizzes Today


Score Distribution

Your Account Isn't Verified!

In order to create a playlist on Sporcle, you need to verify the email address you used during registration. Go to your Sporcle Settings to finish the process.

Report this User

Report this user for behavior that violates our Community Guidelines.

Details: